[Event "Winnipeg TNT September op"]
[Site "Winnipeg CAN"]
[Date "2008.09.23"]
[Round "4"]
[White "Greenberg, Harley"]
[Black "Ott, Richard"]
[Result "1-0"]
[WhiteElo "1730"]
[BlackElo "1398"]
[PlyCount "78"]
[GameId "2160767910328257"]
[EventDate "2008.09.02"]
[EventType "swiss"]
[EventRounds "5"]
[EventCountry "CAN"]
[SourceTitle "EXT 2011"]
[Source "ChessBase"]
[SourceDate "2011.11.26"]
[SourceVersion "1"]
[SourceVersionDate "2011.11.26"]
[SourceQuality "1"]

1. d4 Nf6 2. c4 e6 3. Nf3 d5 4. Nc3 Bb4 5. Bg5 c5 6. e3 dxc4 7. Bxc4 cxd4 8. a3 Bxc3+ 9. bxc3 O-O 10. Bxf6 Qxf6 11. cxd4 Bd7 12. O-O Bc6 13. Qe2 Nd7 14. e4 Qe7 15. Rfc1 Nf6 16. Bd3 Rac8 17. a4 Rfd8 18. Rc4 g6 19. Rac1 Kg7 20. Ne5 Ne8 21. Qb2 Nd6 22. Rc5 Bxa4 23. d5 Qf6 24. dxe6 Rxc5 25. Rxc5 Bc6 26. e7 Re8 27. f4 Rxe7 28. g3 Nxe4 29. Rxc6 bxc6 30. Bxe4 g5 31. Qf2 gxf4 32. gxf4 Rxe5 33. Qg3+ Rg5 34. Qxg5+ Qxg5+ 35. fxg5 c5 36. h4 Kf8 37. Bxh7 a5 38. Bc2 Kg7 39. Kg2 c4 1-0

[Event "Winnipeg TNT September op"]
[Site "Winnipeg CAN"]
[Date "2008.09.23"]
[Round "4"]
[White "Kong, Dezheng"]
[Black "Khedkar, Jay S"]
[Result "0-1"]
[WhiteElo "1870"]
[BlackElo "1914"]
[PlyCount "91"]
[GameId "2160767910328258"]
[EventDate "2008.09.02"]
[EventType "swiss"]
[EventRounds "5"]
[EventCountry "CAN"]
[SourceTitle "EXT 2011"]
[Source "ChessBase"]
[SourceDate "2011.11.26"]
[SourceVersion "1"]
[SourceVersionDate "2011.11.26"]
[SourceQuality "1"]

1. c4 e6 2. Nc3 d5 3. cxd5 exd5 4. d4 Nf6 5. Bg5 Be7 6. e3 O-O 7. Bd3 Nbd7 8. Nf3 c6 9. O-O Re8 10. Qc2 Nf8 11. Ne5 Nh5 12. Bxe7 Qxe7 13. Rae1 f6 14. Nf3 Bg4 15. Nd2 g6 16. h3 Bd7 17. g4 Ng7 18. f4 Qd6 19. Nb3 b6 20. e4 Nfe6 21. e5 fxe5 22. fxe5 Qe7 23. Rf6 Rf8 24. Ref1 Ne8 25. Rxf8+ Nxf8 26. Qf2 Ne6 27. Ne2 N8g7 28. Qf6 Qf8 29. Ng3 Ne8 30. Qh4 Qg7 31. Bf5 N8c7 32. Bxe6+ Nxe6 33. Qf6 Rf8 34. Qxg7+ Kxg7 35. Rxf8 Kxf8 36. Ne2 Bc8 37. Kf2 Ba6 38. Nec1 Bc4 39. h4 a5 40. Ke3 g5 41. hxg5 Nxg5 42. Nd2 Ba6 43. Kf4 Ne6+ 44. Ke3 Kg7 45. a4 Kg6 46. Nf3 0-1

[Event "Winnipeg TNT September op"]
[Site "Winnipeg CAN"]
[Date "2008.09.23"]
[Round "4"]
[White "Mandusic, Ante"]
[Black "Wiebe, Daniel"]
[Result "0-1"]
[WhiteElo "1282"]
[BlackElo "1812"]
[PlyCount "128"]
[GameId "2160767910328259"]
[EventDate "2008.09.02"]
[EventType "swiss"]
[EventRounds "5"]
[EventCountry "CAN"]
[SourceTitle "EXT 2011"]
[Source "ChessBase"]
[SourceDate "2011.11.26"]
[SourceVersion "1"]
[SourceVersionDate "2011.11.26"]
[SourceQuality "1"]

1. d4 Nf6 2. Nf3 g6 3. g3 Bg7 4. Bg2 d6 5. O-O Nc6 6. c4 O-O 7. d5 Na5 8. Nbd2 b6 9. b4 Nb7 10. Bb2 a5 11. b5 Nc5 12. Re1 Rb8 13. a4 e6 14. e4 Nd3 15. Bc3 Nxe1 16. Qxe1 exd5 17. cxd5 Re8 18. Nd4 Bb7 19. Ra2 Nxd5 20. Ra3 Nxc3 21. Rxc3 Bxd4 22. Rd3 Bc5 23. Kf1 Qe7 24. f3 d5 25. h4 dxe4 26. Rb3 exf3 27. Nxf3 Bxf3 28. Qd2 Rbd8 29. Rd3 Bb4 30. Qf2 Rxd3 31. Bxf3 Qxh4 32. gxh4 Re1+ 33. Qxe1 Bxe1 34. Be2 Rd4 35. Kxe1 Rxa4 36. h5 Re4 37. hxg6 Rxe2+ 38. Kxe2 fxg6 39. Kd3 g5 40. Kc4 Kf8 41. Kd5 Ke8 42. Kc6 Kd8 43. Kb7 h6 44. Kc6 Kc8 45. Kd5 g4 46. Kc4 g3 47. Kb3 Kd7 48. Kc4 Kd6 49. Kc3 g2 50. Kc4 g1=R 51. Kd4 Re1 52. Kd3 Kd5 53. Kd2 Re4 54. Kd3 Ke5 55. Kd2 Kd4 56. Kc2 Re3 57. Kd2 Ke4 58. Kc2 Rd3 59. Kb2 Kd4 60. Kc2 Kc4 61. Kc1 Kc3 62. Kb1 Rd2 63. Ka1 Kb3 64. Kb1 Rd1# 0-1

[Event "Winnipeg TNT September op"]
[Site "Winnipeg CAN"]
[Date "2008.09.23"]
[Round "4"]
[White "Pang, Michael"]
[Black "Green, Aaron"]
[Result "1-0"]
[WhiteElo "1417"]
[BlackElo "1746"]
[PlyCount "67"]
[GameId "2160767910328260"]
[EventDate "2008.09.02"]
[EventType "swiss"]
[EventRounds "5"]
[EventCountry "CAN"]
[SourceTitle "EXT 2011"]
[Source "ChessBase"]
[SourceDate "2011.11.26"]
[SourceVersion "1"]
[SourceVersionDate "2011.11.26"]
[SourceQuality "1"]

1. e4 c5 2. Nf3 d6 3. d4 cxd4 4. Nxd4 Nf6 5. Nc3 g6 6. f3 Bg7 7. Be3 Nc6 8. Qd2 O-O 9. Be2 Bd7 10. O-O-O Rc8 11. g4 Ne5 12. h4 Nc4 13. Bxc4 Rxc4 14. h5 b5 15. Ndxb5 Bxb5 16. Nxb5 Qb8 17. Nc3 Rfc8 18. hxg6 Rxc3 19. gxf7+ Kxf7 20. bxc3 Qb5 21. Bd4 Rb8 22. Qd3 Qb2+ 23. Kd2 Qxa2 24. Bxf6 exf6 25. Qd5+ Qxd5+ 26. exd5 h6 27. Rb1 Rc8 28. Rb7+ Kg8 29. Rxa7 f5 30. gxf5 Bxc3+ 31. Kd3 Be5 32. Rg1+ Kh8 33. c4 Rf8 34. Rb1 1-0

[Event "Winnipeg TNT September op"]
[Site "Winnipeg CAN"]
[Date "2008.09.23"]
[Round "4"]
[White "Trueman, Francis"]
[Black "Kernetsky, Myron"]
[Result "0-1"]
[WhiteElo "1502"]
[BlackElo "1948"]
[PlyCount "62"]
[GameId "2160767910328261"]
[EventDate "2008.09.02"]
[EventType "swiss"]
[EventRounds "5"]
[EventCountry "CAN"]
[SourceTitle "EXT 2011"]
[Source "ChessBase"]
[SourceDate "2011.11.26"]
[SourceVersion "1"]
[SourceVersionDate "2011.11.26"]
[SourceQuality "1"]

1. Nf3 Nf6 2. d3 d5 3. Nbd2 e6 4. g3 b6 5. Bg2 Bb7 6. O-O Be7 7. Re1 O-O 8. c3 a5 9. Qc2 Nbd7 10. e4 dxe4 11. dxe4 Nc5 12. Re3 Ng4 13. Re2 Ba6 14. c4 Nd3 15. Nb3 Nb4 16. Qd2 Bxc4 17. Qxd8 Raxd8 18. Rd2 Bf6 19. h3 Ne5 20. Nxe5 Bxe5 21. f4 Bf6 22. e5 Be7 23. Kh1 h6 24. Nd4 Bc5 25. Nc6 Nxc6 26. Bxc6 Bb4 27. Rxd8 Rxd8 28. Ba4 Rd3 29. a3 Bc5 30. b3 Bd4 31. Rb1 Rxg3 0-1

[Event "Winnipeg TNT September op"]
[Site "Winnipeg CAN"]
[Date "2008.09.23"]
[Round "4"]
[White "Van Wyk, Joseph"]
[Black "Rutter, Blair"]
[Result "1/2-1/2"]
[WhiteElo "2058"]
[BlackElo "1881"]
[PlyCount "82"]
[GameId "2160767910328262"]
[EventDate "2008.09.02"]
[EventType "swiss"]
[EventRounds "5"]
[EventCountry "CAN"]
[SourceTitle "EXT 2011"]
[Source "ChessBase"]
[SourceDate "2011.11.26"]
[SourceVersion "1"]
[SourceVersionDate "2011.11.26"]
[SourceQuality "1"]

1. e4 e6 2. c4 c5 3. Nc3 Nc6 4. Nf3 d6 5. d4 cxd4 6. Nxd4 Nf6 7. Be3 Be7 8. Be2 O-O 9. O-O Nxd4 10. Qxd4 e5 11. Qd2 Be6 12. Rfd1 Qc7 13. Rac1 Rad8 14. h3 Ne8 15. f4 exf4 16. Bxf4 a6 17. Kh1 Nf6 18. c5 Ne8 19. Nd5 Bxd5 20. Qxd5 Nf6 21. Qd4 dxc5 22. Qxd8 Qxd8 23. Rxd8 Rxd8 24. Bf3 b5 25. Bg5 h6 26. Bh4 g5 27. Bf2 c4 28. e5 Nd5 29. Rd1 Nf4 30. Rxd8+ Bxd8 31. Bb7 a5 32. Ba6 b4 33. Bxc4 Bc7 34. Bd4 Ne6 35. Bxe6 fxe6 36. g4 Kf7 37. Kg2 Ke7 38. Kf3 Kd7 39. Ke4 Kc6 40. Ba7 Kb5 41. b3 Kc6 1/2-1/2

[Event "Winnipeg TNT September op"]
[Site "Winnipeg CAN"]
[Date "2008.09.30"]
[Round "5"]
[White "Kernetsky, Myron"]
[Black "Greenberg, Harley"]
[Result "1-0"]
[WhiteElo "1948"]
[BlackElo "1730"]
[PlyCount "73"]
[GameId "2160767910328263"]
[EventDate "2008.09.02"]
[EventType "swiss"]
[EventRounds "5"]
[EventCountry "CAN"]
[SourceTitle "EXT 2011"]
[Source "ChessBase"]
[SourceDate "2011.11.26"]
[SourceVersion "1"]
[SourceVersionDate "2011.11.26"]
[SourceQuality "1"]

1. d4 Nf6 2. c4 e6 3. g3 c5 4. d5 exd5 5. cxd5 d6 6. Nc3 g6 7. Bg2 Bg7 8. Nf3 O-O 9. O-O Na6 10. Nd2 Nc7 11. a4 b6 12. Qb3 Bb7 13. e4 Ng4 14. Nc4 Ba6 15. Nb5 Bxb5 16. axb5 Ne5 17. Na3 a6 18. bxa6 Rxa6 19. Be3 b5 20. Rfb1 b4 21. Nc2 Rb6 22. Bf1 Qe7 23. Kg2 f5 24. exf5 Rxf5 25. Ra7 Qf7 26. Rd1 Ng4 27. Rd2 Nxe3+ 28. Nxe3 Bd4 29. Nxf5 gxf5 30. Bc4 f4 31. Qf3 Qg7 32. b3 Rb8 33. Re2 Rf8 34. h3 Be5 35. Rxc7 Qxc7 36. Rxe5 fxg3 37. Rg5+ 1-0

[Event "Winnipeg TNT September op"]
[Site "Winnipeg CAN"]
[Date "2008.09.30"]
[Round "5"]
[White "Khedkar, Jay S"]
[Black "Rutter, Blair"]
[Result "1-0"]
[WhiteElo "1914"]
[BlackElo "1881"]
[PlyCount "67"]
[GameId "2160767910328264"]
[EventDate "2008.09.02"]
[EventType "swiss"]
[EventRounds "5"]
[EventCountry "CAN"]
[SourceTitle "EXT 2011"]
[Source "ChessBase"]
[SourceDate "2011.11.26"]
[SourceVersion "1"]
[SourceVersionDate "2011.11.26"]
[SourceQuality "1"]

1. e4 e6 2. d4 d5 3. Nd2 Nf6 4. e5 Nfd7 5. Bd3 c5 6. c3 Nc6 7. Ne2 f5 8. Nf4 Qe7 9. Qh5+ Qf7 10. Qxf7+ Kxf7 11. Bxf5 Ndxe5 12. dxe5 exf5 13. Nf3 Be6 14. Ng5+ Ke7 15. Ngxe6 Nxe5 16. O-O Kf6 17. Nxf8 Rhxf8 18. Nxd5+ Kf7 19. f4 Nc4 20. b3 Nd6 21. Re1 Ne4 22. c4 a6 23. Bb2 b5 24. Be5 b4 25. Rad1 a5 26. Ne3 Ke6 27. Nxf5 Kxf5 28. g4+ Kxg4 29. Rxe4 Kf5 30. Re2 Rac8 31. Rd5 Kg4 32. Kg2 g6 33. Bd6 Rf5 34. Ree5 1-0

[Event "Winnipeg TNT September op"]
[Site "Winnipeg CAN"]
[Date "2008.09.30"]
[Round "5"]
[White "Liu, Weixi"]
[Black "Pang, Michael"]
[Result "1-0"]
[WhiteElo "1942"]
[BlackElo "1417"]
[PlyCount "53"]
[GameId "2160767910328265"]
[EventDate "2008.09.02"]
[EventType "swiss"]
[EventRounds "5"]
[EventCountry "CAN"]
[SourceTitle "EXT 2011"]
[Source "ChessBase"]
[SourceDate "2011.11.26"]
[SourceVersion "1"]
[SourceVersionDate "2011.11.26"]
[SourceQuality "1"]

1. d4 d5 2. c4 c6 3. Nf3 Nf6 4. Nc3 Bf5 5. Qb3 b6 6. Bf4 e6 7. e3 Bd6 8. Bxd6 Qxd6 9. cxd5 exd5 10. Be2 Nbd7 11. O-O h6 12. Rac1 O-O 13. Rfd1 Rfd8 14. h3 Rac8 15. Bd3 Bxd3 16. Rxd3 Qe6 17. Qa3 a5 18. Rd2 Ra8 19. Rdc2 b5 20. Ne2 b4 21. Qa4 Rdc8 22. Rxc6 Rxc6 23. Qxc6 Ra6 24. Qc8+ Kh7 25. Nf4 Qd6 26. Ne5 Ra7 27. Nxf7 1-0

[Event "Winnipeg TNT September op"]
[Site "Winnipeg CAN"]
[Date "2008.09.30"]
[Round "5"]
[White "Milord, Frank"]
[Black "Kong, Dezheng"]
[Result "0-1"]
[WhiteElo "1595"]
[BlackElo "1870"]
[PlyCount "80"]
[GameId "2160767910328266"]
[EventDate "2008.09.02"]
[EventType "swiss"]
[EventRounds "5"]
[EventCountry "CAN"]
[SourceTitle "EXT 2011"]
[Source "ChessBase"]
[SourceDate "2011.11.26"]
[SourceVersion "1"]
[SourceVersionDate "2011.11.26"]
[SourceQuality "1"]

1. d4 d5 2. c4 c6 3. Nf3 Nf6 4. Nc3 e6 5. Bg5 Be7 6. e3 O-O 7. Qc2 Nbd7 8. Bd3 dxc4 9. Bxc4 b5 10. Bd3 Bb7 11. O-O Rc8 12. a3 a6 13. Rac1 c5 14. Qe2 c4 15. Bb1 Re8 16. Rfe1 h6 17. Bf4 Qb6 18. Ne5 Bf8 19. h4 Nxe5 20. Bxe5 Nd7 21. Qc2 f5 22. e4 Nxe5 23. dxe5 Qc6 24. Rcd1 h5 25. Qe2 g6 26. Qf3 Rcd8 27. Qg3 Kh7 28. Rxd8 Rxd8 29. Qg5 Rd7 30. exf5 exf5 31. f3 Be7 32. Qf4 Qc5+ 33. Kf1 Rd4 34. Ne4 fxe4 35. Qf7+ Kh6 36. Qf4+ Kg7 37. e6 Bf6 38. fxe4 Qe5 39. g3 Qxf4+ 40. gxf4 Bxh4 0-1

[Event "Winnipeg TNT September op"]
[Site "Winnipeg CAN"]
[Date "2008.09.30"]
[Round "5"]
[White "Van Wyk, Joseph"]
[Black "Bince, Rolando"]
[Result "1-0"]
[WhiteElo "2058"]
[BlackElo "1911"]
[PlyCount "51"]
[GameId "2160767910328267"]
[EventDate "2008.09.02"]
[EventType "swiss"]
[EventRounds "5"]
[EventCountry "CAN"]
[SourceTitle "EXT 2011"]
[Source "ChessBase"]
[SourceDate "2011.11.26"]
[SourceVersion "1"]
[SourceVersionDate "2011.11.26"]
[SourceQuality "1"]

1. e4 e6 2. c4 c5 3. Nc3 Nc6 4. Nf3 g6 5. d4 cxd4 6. Nxd4 Bg7 7. Be3 a6 8. Be2 Nxd4 9. Bxd4 Nf6 10. e5 Ng8 11. Ne4 Ne7 12. Nd6+ Kf8 13. O-O Qc7 14. Qb3 Nc6 15. Qf3 Nd8 16. Bd3 Bh6 17. Qh3 Kg7 18. f4 Nc6 19. Bc3 Rf8 20. g4 Qd8 21. Ne4 d5 22. Nf6 d4 23. g5 Qxf6 24. gxf6+ Kh8 25. Qxh6 Rg8 26. Rf3 1-0

[Event "Winnipeg TNT September op"]
[Site "Winnipeg CAN"]
[Date "2008.09.30"]
[Round "5"]
[White "Wiebe, Daniel"]
[Black "Trueman, Francis"]
[Result "1-0"]
[WhiteElo "1812"]
[BlackElo "1502"]
[PlyCount "52"]
[GameId "2160767910328268"]
[EventDate "2008.09.02"]
[EventType "swiss"]
[EventRounds "5"]
[EventCountry "CAN"]
[SourceTitle "EXT 2011"]
[Source "ChessBase"]
[SourceDate "2011.11.26"]
[SourceVersion "1"]
[SourceVersionDate "2011.11.26"]
[SourceQuality "1"]

1. e4 d6 2. d4 Nd7 3. Nf3 e5 4. Nc3 Ngf6 5. Bg5 h6 6. Bh4 g5 7. Bg3 Nh5 8. dxe5 Nxg3 9. hxg3 g4 10. Nh2 Nxe5 11. f4 gxf3 12. Nxf3 Bg7 13. Qd2 Be6 14. O-O-O Nc4 15. Bxc4 Bxc4 16. e5 h5 17. Kb1 dxe5 18. Qe3 Qe7 19. Qe4 c6 20. Qxc4 Rh6 21. Qe4 f6 22. Nh4 Qf7 23. Nf5 Kf8 24. Nxh6 Bxh6 25. Qf5 Re8 26. Rxh5 e4 1-0

[Event "Winter Pro-Am"]
[Site "Guelph CAN"]
[Date "2008.02.02"]
[Round "1"]
[White "Agarwal, Aayushya"]
[Black "Preotu, Razvan"]
[Result "0-1"]
[WhiteElo "994"]
[BlackElo "1335"]
[PlyCount "142"]
[GameId "2160767910442366"]
[EventDate "2008.02.02"]
[EventType "swiss"]
[EventRounds "5"]
[EventCountry "CAN"]

1. e4 e5 2. Nf3 Nf6 3. Nxe5 d6 4. Nf3 Nxe4 5. d3 Nf6 6. Bg5 Be7 7. h3 O-O 8. Bxf6 Bxf6 9. d4 Re8+ 10. Be2 Bf5 11. Nc3 d5 12. g4 Be6 13. Qd2 c6 14. g5 Be7 15. O-O-O Bf5 16. Bd3 Bxd3 17. cxd3 Nd7 18. h4 Bd6 19. h5 Qc7 20. Ne2 Nf8 21. Nh4 Re7 22. Nf5 Re6 23. Nxd6 Qxd6 24. Nf4 Re7 25. Rde1 Rae8 26. Rxe7 Rxe7 27. g6 fxg6 28. h6 gxh6 29. Rxh6 Ne6 30. Nxg6 hxg6 31. Rxg6+ Kf7 32. Qh6 Qf4+ 33. Qxf4+ Nxf4 34. Rh6 Nxd3+ 35. Kc2 Nxf2 36. Rh4 Re4 37. Rxe4 Nxe4 38. b4 Ke7 39. Kb3 Kd7 40. Ka4 Kc7 41. Ka5 Nc3 42. a4 a6 43. b5 axb5 44. axb5 Nxb5 45. Kb4 Nxd4 46. Kc5 Ne6+ 47. Kb4 Kb6 48. Ka4 c5 49. Kb3 Kb5 50. Kc3 d4+ 51. Kd3 c4+ 52. Kc2 d3+ 53. Kd2 Kb4 54. Kd1 c3 55. Kc1 d2+ 56. Kc2 Nd4+ 57. Kd1 c2+ 58. Kxd2 Kb3 59. Kc1 Ne2+ 60. Kd2 c1=Q+ 61. Kxe2 Kc3 62. Kf3 b5 63. Ke4 b4 64. Kd5 b3 65. Ke5 b2 66. Kd5 b1=Q 67. Ke5 Qd3 68. Ke6 Qce3+ 69. Kf6 Qf1+ 70. Kg6 Qg3+ 71. Kh6 Qfh3# 0-1

[Event "Winter Pro-Am"]
[Site "Guelph CAN"]
[Date "2008.02.02"]
[Round "1"]
[White "Becker, Paul"]
[Black "Bailey, Doug"]
[Result "0-1"]
[WhiteElo "2088"]
[BlackElo "2311"]
[PlyCount "98"]
[GameId "2160767910442367"]
[EventDate "2008.02.02"]
[EventType "swiss"]
[EventRounds "5"]
[EventCountry "CAN"]

1. e4 c5 2. Nf3 d6 3. d4 cxd4 4. Nxd4 Nf6 5. Nc3 g6 6. Be3 Bg7 7. f3 O-O 8. Qd2 Nc6 9. O-O-O a5 10. a4 Nb4 11. Kb1 Be6 12. Bh6 Rc8 13. Bxg7 Kxg7 14. g4 Rc5 15. h4 h5 16. gxh5 Rxh5 17. Nxe6+ fxe6 18. f4 Qb6 19. Be2 Rh6 20. f5 Rfh8 21. Qg5 Qc5 22. Rdg1 Nc6 23. h5 Nd4 24. Bd1 Qe5 25. fxg6 Qxg5 26. Rxg5 e5 27. Kc1 Ne6 28. Rf5 Rxg6 29. Rhf1 Rg5 30. Rxg5+ Nxg5 31. Nd5 Kf7 32. Nxf6 exf6 33. Re1 Rc8 34. b3 Rc3 35. Kd2 Rh3 36. Re3 Rh4 37. Kd3 Ke6 38. c3 d5 39. exd5+ Kxd5 40. Be2 e4+ 41. Kd2 Ke5 42. b4 Rh2 43. h6 Rxh6 44. bxa5 Rh2 45. c4 Nf3+ 46. Kd1 Nd4 47. c5 Nxe2 48. c6 bxc6 49. a6 Nd4 0-1

[Event "Winter Pro-Am"]
[Site "Guelph CAN"]
[Date "2008.02.02"]
[Round "1"]
[White "Evans, Bill"]
[Black "Dougherty, Michael"]
[Result "0-1"]
[WhiteElo "2077"]
[BlackElo "2284"]
[PlyCount "65"]
[GameId "2160767910442368"]
[EventDate "2008.02.02"]
[EventType "swiss"]
[EventRounds "5"]
[EventCountry "CAN"]

1. Nf3 d5 2. c4 c6 3. g3 Nf6 4. Bg2 dxc4 5. O-O e6 6. Qc2 b5 7. a4 Bb7 8. b3 cxb3 9. Qxb3 b4 10. Ne5 Qc7 11. Bb2 Nbd7 12. Nc4 Be7 13. a5 c5 14. f3 Rc8 15. d3 O-O 16. Nbd2 Ne8 17. Ne4 Nd6 18. Nexd6 Bxd6 19. Rac1 Be7 20. Bh3 Bf6 21. d4 Bxd4+ 22. Bxd4 cxd4 23. Qxb4 Ba6 24. Nd6 Qxc1 25. Rxc1 Rxc1+ 26. Kf2 Rc2 27. Qxd4 Rxe2+ 28. Kg1 Ne5 29. Qxa7 Nxf3+ 30. Kf1 Bd3 31. Qf2 Nd2+ 32. Kg1 Rxf2 33. Kxf2 0-1

[Event "Winter Pro-Am"]
[Site "Guelph CAN"]
[Date "2008.02.02"]
[Round "1"]
[White "Gusev, Nikita"]
[Black "Sambuev, Bator"]
[Result "1/2-1/2"]
[WhiteElo "2109"]
[BlackElo "2528"]
[PlyCount "119"]
[GameId "2160767910442369"]
[EventDate "2008.02.02"]
[EventType "swiss"]
[EventRounds "5"]
[EventCountry "CAN"]

1. e4 e6 2. d4 d5 3. Nc3 Bb4 4. e5 c5 5. Bd2 Nc6 6. Nb5 Bxd2+ 7. Qxd2 Nxd4 8. Nxd4 cxd4 9. Qxd4 Ne7 10. Nf3 Nc6 11. Qg4 O-O 12. Bd3 f5 13. Qf4 Qb6 14. O-O-O Qxf2 15. Rdf1 Qc5 16. a3 Bd7 17. Rhg1 Ne7 18. Kb1 Bb5 19. Qd4 Qc6 20. Bxb5 Qxb5 21. Ng5 Qd7 22. g4 h6 23. Nf3 Nc6 24. Qf4 fxg4 25. Qxg4 Rf5 26. Re1 Raf8 27. Nh4 Rg5 28. Qh3 Rxg1 29. Rxg1 Nxe5 30. Qe3 Nc4 31. Qxa7 Rf6 32. Qd4 e5 33. Qc3 Qc7 34. Qd3 Qc5 35. Rd1 Rb6 36. Qxd5+ Qxd5 37. Rxd5 Rxb2+ 38. Kc1 Ra2 39. Rd8+ Kh7 40. Kb1 Rxa3 41. Rd7 e4 42. Nf5 Kg6 43. Nxg7 Kf6 44. Nh5+ Ke5 45. Ng3 Nd6 46. Re7+ Kd5 47. Rh7 Re3 48. Rxh6 Re1+ 49. Kb2 Nc4+ 50. Kc3 Re3+ 51. Kb4 Re1 52. Rh5+ Ne5 53. Kc3 b5 54. Kd2 Ra1 55. Ne2 b4 56. c4+ Kd6 57. c5+ Kd5 58. Nf4+ Kd4 59. Ne2+ Kd5 60. Nf4+ 1/2-1/2

[Event "Winter Pro-Am"]
[Site "Guelph CAN"]
[Date "2008.02.02"]
[Round "1"]
[White "Henry, Liam"]
[Black "Sellars, Karl"]
[Result "1-0"]
[WhiteElo "2292"]
[BlackElo "2087"]
[PlyCount "73"]
[GameId "2160767910442370"]
[EventDate "2008.02.02"]
[EventType "swiss"]
[EventRounds "5"]
[EventCountry "CAN"]

1. e4 e5 2. Nf3 Nc6 3. Bb5 a6 4. Ba4 Nf6 5. O-O Be7 6. Re1 b5 7. Bb3 O-O 8. c3 d6 9. h3 Nb8 10. d4 Nbd7 11. Nbd2 Bb7 12. Bc2 Re8 13. Nf1 Bf8 14. Ng3 g6 15. b3 d5 16. Nxe5 Nxe5 17. dxe5 Rxe5 18. f4 Re8 19. e5 Nd7 20. Qg4 c5 21. Bd2 Bg7 22. Rad1 Qc7 23. h4 f5 24. Qh3 d4 25. h5 Rad8 26. h6 d3 27. Bxd3 c4 28. Bxf5 gxf5 29. hxg7 Nc5 30. Nxf5 cxb3 31. Nh6+ Kxg7 32. axb3 Ne4 33. Be3 Bc8 34. Ng4 Qxc3 35. Rc1 Qxb3 36. Rc7+ Bd7 37. Nf6 1-0

[Event "Winter Pro-Am"]
[Site "Guelph CAN"]
[Date "2008.02.02"]
[Round "1"]
[White "Malmsten, Erik"]
[Black "Solis, Jaime"]
[Result "0-1"]
[WhiteElo "1915"]
[BlackElo "1805"]
[PlyCount "138"]
[GameId "2160767910442371"]
[EventDate "2008.02.02"]
[EventType "swiss"]
[EventRounds "5"]
[EventCountry "CAN"]

1. d4 Nf6 2. Nc3 g6 3. e4 d6 4. Be2 Bg7 5. h4 h5 6. Be3 Nc6 7. Qd2 Bd7 8. f3 e5 9. d5 Ne7 10. O-O-O Qc8 11. Nh3 Neg8 12. Rdg1 Nh6 13. Nf2 a6 14. a3 b5 15. Bg5 Rb8 16. Na2 Ra8 17. Kb1 Kf8 18. g4 hxg4 19. Bxf6 Bxf6 20. fxg4 Ng8 21. g5 Bg7 22. Qe3 Ne7 23. Qf3 c6 24. dxc6 Nxc6 25. c3 Be6 26. Rd1 Qc7 27. Ng4 Qe7 28. Nf6 Bxf6 29. gxf6 Qc7 30. h5 g5 31. Qe3 Ke8 32. h6 Kd7 33. h7 Rad8 34. Qxg5 Kc8 35. Rdg1 Kb7 36. Qh5 Qd7 37. Rg7 Rdf8 38. Qg5 Qe8 39. Rd1 Kc7 40. Nc1 Qc8 41. Bh5 Qe8 42. Ne2 Nd8 43. Ng1 Bb3 44. Rd2 Ne6 45. Qh6 Nc5 46. Bg6 Kc6 47. Bf5 Bc4 48. Nf3 Bd3+ 49. Rxd3 Nxd3 50. Ng5 Nf4 51. b4 Kb6 52. Qh2 Kc6 53. Qd2 Qd8 54. Nxf7 Qxf6 55. Nxe5+ Qxe5 56. Bd7+ Kc7 57. Qe3 Qxg7 58. Bxb5 Rb8 59. Bxa6 Ne6 60. Qa7+ Kc6 61. b5+ Rxb5+ 62. Bxb5+ Kxb5 63. a4+ Kc6 64. Qa6+ Kd7 65. Qb5+ Ke7 66. a5 Qxc3 67. a6 Rc8 68. Qb7+ Kd8 69. h8=Q+ Qxh8 0-1

[Event "Winter Pro-Am"]
[Site "Guelph CAN"]
[Date "2008.02.02"]
[Round "1"]
[White "Yuan, Yuanling"]
[Black "Knox, Christopher"]
[Result "1-0"]
[WhiteElo "2191"]
[BlackElo "2050"]
[PlyCount "83"]
[GameId "2160767910442375"]
[EventDate "2008.02.02"]
[EventType "swiss"]
[EventRounds "5"]
[EventCountry "CAN"]

1. e4 c5 2. Nf3 Nc6 3. d4 cxd4 4. Nxd4 g6 5. Be3 Bg7 6. c4 Nf6 7. Nc3 Ng4 8. Qxg4 Nxd4 9. Qd1 Ne6 10. Rc1 Qa5 11. Bd3 d6 12. O-O g5 13. Qd2 Be5 14. Bb1 Bf4 15. Rfd1 b6 16. Qe2 Bb7 17. Nd5 Bxe3 18. Qxe3 Qc5 19. Qc3 f6 20. Qh3 Nf4 21. Qf3 Bxd5 22. exd5 Kf7 23. Bf5 Ng6 24. Qh5 Kg7 25. Re1 Rae8 26. Rc3 Nf4 27. Qd1 Ng6 28. Qc2 a5 29. Rce3 Qc7 30. Qe2 Kf7 31. b3 Nf4 32. Qc2 Ng6 33. Rh3 Kg7 34. Qe4 Nh4 35. Rxh4 gxh4 36. Qg4+ Kf8 37. Be6 Qc5 38. Qh5 Kg7 39. Re4 Rhg8 40. Rxh4 f5 41. Qf7+ Kh8 42. Rxh7# 1-0

[Event "Winter Pro-Am U1500"]
[Site "Guelph CAN"]
[Date "2008.02.02"]
[Round "2"]
[White "Chan, Philip"]
[Black "Dattani, Dinesh"]
[Result "1-0"]
[WhiteElo "1493"]
[BlackElo "1429"]
[PlyCount "65"]
[GameId "2160767910442377"]
[EventDate "2008.02.02"]
[EventType "swiss"]
[EventRounds "5"]
[EventCountry "CAN"]

1. e4 e5 2. Nf3 Nc6 3. Bc4 Nf6 4. Ng5 d5 5. exd5 Na5 6. Bb5+ Nd7 7. d4 Bb4+ 8. c3 Be7 9. Qh5 g6 10. Qh6 Bf8 11. Qh3 a6 12. Qf3 Qe7 13. Ba4 exd4+ 14. Qe4 b5 15. Bc2 Nc4 16. O-O Qxe4 17. Nxe4 Bg7 18. Re1 O-O 19. cxd4 Bxd4 20. Nbc3 Re8 21. Rd1 Bg7 22. Rb1 Bb7 23. b3 Ncb6 24. Be3 b4 25. Na4 Nxd5 26. Bd4 f5 27. Nec5 Bc6 28. Bxg7 Nxc5 29. Bd4 Nxa4 30. bxa4 Re2 31. Bb3 Rd8 32. Kf1 Ree8 33. Rbc1 1-0

[Event "Winter Pro-Am U1800"]
[Site "Guelph CAN"]
[Date "2008.02.02"]
[Round "2"]
[White "Lai, Jonathan"]
[Black "Muir, Tom"]
[Result "0-1"]
[WhiteElo "1459"]
[BlackElo "1672"]
[PlyCount "80"]
[GameId "2160767910442378"]
[EventDate "2008.02.02"]
[EventType "swiss"]
[EventRounds "5"]
[EventCountry "CAN"]

1. e4 c6 2. d4 d5 3. Nc3 dxe4 4. Nxe4 Nd7 5. Nf3 Ngf6 6. Bd3 Nxe4 7. Bxe4 Nf6 8. Bd3 Bg4 9. c3 e6 10. Be2 Qc7 11. Be3 Bd6 12. h3 Bh5 13. O-O Nd5 14. Qd2 Nxe3 15. fxe3 Bg6 16. Bd3 O-O-O 17. b4 f6 18. a4 Bxd3 19. Qxd3 e5 20. Rfb1 exd4 21. exd4 h5 22. c4 Qd7 23. Qc2 g5 24. c5 Bc7 25. b5 g4 26. bxc6 Qxc6 27. Qf5+ Kb8 28. hxg4 hxg4 29. Qxg4 Rhg8 30. Qf5 Rxd4 31. Rd1 Rdg4 32. Rd2 Rf4 33. Qh7 Qxc5+ 34. Kh1 Qf8 35. Nh2 Rh8 36. Qc2 Rxh2+ 37. Kxh2 Qh6+ 38. Kg1 Bb6+ 39. Rf2 Bxf2+ 40. Kf1 Bd4+ 0-1